000
00252nam a2200097Ia 4500
001
1170356
005
20251202144520.0
008
250824s9999 xx 000 0 und d
245
0
_a
KORKTUĞUM BAŞIMA GELDİ
_c
ABDİL MERT
260
_b
TEBEŞİR YAYINLARI
999
_c
1170356
_d
1170356